<?xml version="1.0" encoding="UTF-8"?>
<record
    xmlns:xsi="http://www.w3.org/2001/XMLSchema-instance"
    xsi:schemaLocation="http://www.loc.gov/MARC21/slim http://www.loc.gov/standards/marcxml/schema/MARC21slim.xsd"
    xmlns="http://www.loc.gov/MARC21/slim">

  <leader>00828cam a22001571  4500</leader>
  <controlfield tag="001">000017994</controlfield>
  <controlfield tag="005">20200929165316.0</controlfield>
  <controlfield tag="008">780217m19651993sp c     b    001 0 spa  </controlfield>
  <datafield tag="040" ind1=" " ind2=" ">
    <subfield code="a">DO-SdBNP</subfield>
    <subfield code="b">spa</subfield>
    <subfield code="c">BNPHU</subfield>
  </datafield>
  <datafield tag="100" ind1="1" ind2=" ">
    <subfield code="a">Aranguren, Jose Luis L.,</subfield>
    <subfield code="d">1909-</subfield>
    <subfield code="9">39006</subfield>
  </datafield>
  <datafield tag="245" ind1="1" ind2="0">
    <subfield code="a">Obras /</subfield>
    <subfield code="c">Jose Luis L. Aranguren.</subfield>
  </datafield>
  <datafield tag="260" ind1=" " ind2=" ">
    <subfield code="a">Madrid, :</subfield>
    <subfield code="b">Editorial Plenitud,</subfield>
    <subfield code="c">1965.</subfield>
  </datafield>
  <datafield tag="300" ind1=" " ind2=" ">
    <subfield code="a">v. : ;</subfield>
    <subfield code="c">22 cm.</subfield>
  </datafield>
  <datafield tag="500" ind1=" " ind2=" ">
    <subfield code="a">Incluye referencias bibliogr&#xE1;ficas y notas al pie de las p&#xE1;ginas</subfield>
  </datafield>
  <datafield tag="505" ind1="0" ind2=" ">
    <subfield code="t">Estudios sobre el protestantismo y el catolicismo --</subfield>
    <subfield code="t">Catolicismo y protestantismo como formas de existencia --</subfield>
    <subfield code="t">El protestantismo y la moral --</subfield>
    <subfield code="t">Estudios &#xE9;ticos --</subfield>
    <subfield code="t">Zubiri y la religiosidad intelectual --</subfield>
    <subfield code="t">La &#xE9;tica de Ortega --</subfield>
    <subfield code="t">&#xC9;tica social, sociolog&#xED;a y pol&#xED;tica --</subfield>
    <subfield code="t">La juventud europea y otros ensayos --</subfield>
    <subfield code="t">El futuro de la universidad.</subfield>
  </datafield>
  <datafield tag="952" ind1=" " ind2=" ">
    <subfield code="0">0</subfield>
    <subfield code="1">0</subfield>
    <subfield code="5">0</subfield>
    <subfield code="7">1</subfield>
    <subfield code="8">MO</subfield>
    <subfield code="a">GR</subfield>
    <subfield code="b">GR</subfield>
    <subfield code="c">CT</subfield>
    <subfield code="d">2010-04-08</subfield>
    <subfield code="i">LF1</subfield>
    <subfield code="l">0</subfield>
    <subfield code="o"> </subfield>
    <subfield code="p">17994-10</subfield>
    <subfield code="r">2020-06-25</subfield>
    <subfield code="w">2020-06-25</subfield>
    <subfield code="y">1</subfield>
    <subfield code="Z">No se presta</subfield>
  </datafield>
  <datafield tag="999" ind1=" " ind2=" ">
    <subfield code="c">17516</subfield>
    <subfield code="d">17516</subfield>
  </datafield>
</record>
